Figurative Language types - Statistics

General Stats
  • This quiz has been taken 113 times
  • The average score is 7 of 9
Answer Stats
Clue Figurative language type % Correct
Comparison using like, as, or than Simile
97%
Comparison not using like, as, or than Metaphor
89%
Exagerration Hyperbole
85%
Words in a row that all start with the same letter, such as, "Sally sold seashells by the seashore," Alliteration
80%
Describing human features on non-human things Personification
77%
Words that signify sounds like, "bang!" Onomatopoeia
68%
Play on words; often used as synonym for joke Pun
64%
Non-literal phrases Idiom
61%
Reference to an external place or thing, such as, "We entered a Garden of Eden," referencing biblical text. Allusion
59%
No matching quizzes found
Score Distribution
Percent of People with Each Score
Percentile by Number Answered
Your Score History
You have not taken this quiz